00717nam a2200193 a 450000100100000000500170001000800410002704000250006808200150009310000370010824501000014526000360024530000380028170000370031970000280035604900090038495201130039399900170050600003118020241130074013.0110614s2008 dr ac 000 0 spa d aDO-SdBNPbspacBNPHU axxxxbE42S1 aElías, Carlos Francisco95765610aSacha Tebó :bobras 1980-2004. /cCarlos Francisco Elías, Odalis Pérez y Francisco Tobar. aSanto Domingo :bOrange,c2008. a[120 p.] :bil., retrs. ;c22 cm.1 aPérez, Odalís d1952-9238281 aTobar, Francisco957657 aBNPD 0010718PDaPDbPDcCTd2011-06-14iLF1l0oxxxx E42Sp31180-10r2020-06-25w2020-06-25yLFPDZNo se presta c30672d30672